LEADER 01629nam 2200445 450 001 000004057 005 20070503173100.0 010 $a3-515-06832-5 100 $a--------d1996----km-y0itay0103----ba 101 0 $ager 102 $aDE 200 1 $aBurger und Soldaten$eAspekte der politischen und militarischen Rolle athenischer Burger im Kriegswesen des 4. Jahrhunderts v. Chr.$fLeonhard A. Burckhardt 200 1 $a1 $n0001792 210 $aStuttgart$cSteiner$d1996 215 $a300 p.$d24 cm. 225 1 $aHistoria$ezeitschrift fur alte geschichte$iEinzelschriften$v101 607 $aAtene$xPolitica$zSec. 4. a.C. 676 $a321.14 700 1$aBurckhardt,$bLeonhard A.$0387062 801 0$aIT$bUniversità della Basilicata - B.I.A.$gRICA$2unimarc 912 $a000004057 996 $aBurger und Soldaten$973823 997 $aUNIBAS BAS $aMONLET BAS $aMONOGR BAS $aLETTERE CAT $aGIORDANO$b10$c20000125$lBAS01$h1620 CAT $aGIORDANO$b10$c20000125$lBAS01$h1642 CAT $aGIORDANO$b10$c20000125$lBAS01$h1642 CAT $aGIORDANO$b10$c20000125$lBAS01$h1646 CAT $c20000920$lBAS01$h1831 CAT $c20001010$lBAS01$h1634 CAT $c20050601$lBAS01$h1753 CAT $abatch$b01$c20050718$lBAS01$h1048 CAT $c20050718$lBAS01$h1107 CAT $c20050718$lBAS01$h1137 CAT $c20050718$lBAS01$h1151 CAT $aBATCH$b00$c20070503$lBAS01$h1731 FMT Z30 -1$lBAS01$LBAS01$mBOOK$1BASA1$APolo Storico-Umanistico$2GEN$BCollezione generale$3FM/95788$9FM/95788$695788$5L95788$820000203$b101$f02$FPrestabile Generale$hvol.101 LEADER 01929nas 2200517 c 450 001 9910895217003321 005 20260218112228.0 024 7 $aurn:nbn:de:hbz:6:2-1340971 035 $a(CKB)4100000011468565 035 $a(DE-599)ZDB3027815-6 035 $a(DE-101)1212367898 035 $a(DE-599)3027815-6 035 $a(EXLCZ)994100000011468565 100 $a20200622a20209999 |y | 101 0 $ager 135 $aur||||||||||| 181 $ctxt$2rdacontent 182 $cc$2rdamedia 183 $acr$2rdacarrier 200 10$aDJI-Kinder- und Jugendmigrationsreport ..$eDatenanalyse zur Situation junger Menschen in Deutschland 210 31$aBielefeld$cwbv Media GmbH & Co. KG$d[Mai 2020]- 215 $aOnline-Ressource 300 $aGesehen am 22.06.2020 606 $aKind$3(DE-588)4030550-8$3https://d-nb.info/gnd/4030550-8$3(DE-101)040305503$2gnd 606 $aMigrationshintergrund$3(DE-588)7544915-8$3https://d-nb.info/gnd/7544915-8$3(DE-101)981432670$2gnd 606 $aLebensbedingungen$3(DE-588)4130642-9$3https://d-nb.info/gnd/4130642-9$3(DE-101)041306422$2gnd 606 $aJugend$3(DE-588)4028859-6$3https://d-nb.info/gnd/4028859-6$3(DE-101)040288595$2gnd 606 $aMigrationshintergrund$3(DE-588)7544915-8$3https://d-nb.info/gnd/7544915-8$3(DE-101)981432670$2gnd 606 $aLebensbedingungen$3(DE-588)4130642-9$3https://d-nb.info/gnd/4130642-9$3(DE-101)041306422$2gnd 607 $aDeutschland$2gnd 607 $aDeutschland$2gnd 608 $aZeitschrift$2gnd-content 615 7$aKind. 615 7$aMigrationshintergrund. 615 7$aLebensbedingungen. 615 7$aJugend. 615 7$aMigrationshintergrund. 615 7$aLebensbedingungen. 676 $a360 801 0$b0006 801 1$bDE-101 801 2$b0355 906 $aJOURNAL 912 $a9910895217003321 996 $aDJI-Kinder- und Jugendmigrationsreport .$94248951 997 $aUNINA